Tâm lý học quản trị và kinh doanh

Na minha lista:
Detalhes bibliográficos
Autor principal: Thái, Trí Dũng
Formato: Livro
Idioma:Undetermined
Publicado em: Hà Nội Thống Kê 1994
Assuntos:
Tags: Adicionar Tag
Sem tags, seja o primeiro a adicionar uma tag!
Thư viện lưu trữ: Trung tâm Học liệu Trường Đại học Cần Thơ
LEADER 00537nam a2200181Ia 4500
001 CTU_23902
008 210402s9999 xx 000 0 und d
082 |a 158.1 
082 |b D513 
100 |a Thái, Trí Dũng 
245 0 |a Tâm lý học quản trị và kinh doanh 
245 0 |c Thái Trí Dũng 
260 |a Hà Nội 
260 |b Thống Kê 
260 |c 1994 
650 |a Communication in management,Psychology, applied 
904 |i Bạch Trúc 
980 |a Trung tâm Học liệu Trường Đại học Cần Thơ